| 000 | 01195nmm a2200325 a 4500 | ||
|---|---|---|---|
| 001 | ocm0001299444 | ||
| 003 | TR-IsHL | ||
| 005 | 20201028162048.0 | ||
| 008 | 160715s2012 tu tur | ||
| 007 | cr cn | ||
| 020 | _a9786055541682 | ||
| 035 |
_a1299444 _b(N$T) |
||
| 050 | 0 | 4 |
_aE741 _b.G47 2012 |
| 090 | 0 | 4 |
_aE741 _b.G47 2012 |
| 100 | 1 | _aGerger, Haluk | |
| 245 | 1 | 0 |
_aKan tadı: belgelerle ABD'nin kara kitabı _h[electronic resource] / _cHaluk Gerger ; yayın yönetmeni Hayri Erdoğan ; kapak ve iç tasarım Savaş Çekiç |
| 250 | _a6. basım | ||
| 260 |
_aİstanbul : _bYordam Kitap, _c2012 |
||
| 300 | _a497 p. | ||
| 650 | 4 | _aPolitika ve Uluslararası İlişkiler | |
| 650 | 4 | _aPolitics and International Relations | |
| 650 | 0 |
_aDünya politikası _x 20. yüzyıl |
|
| 650 | 0 |
_aWorld politics _x 20th century |
|
| 650 | 0 |
_aAmerika Birleşik Devletleri _x Tarih _x 20. yüzyıl |
|
| 650 | 0 |
_aUnited States _x History _x 20th century |
|
| 650 | 7 |
_aPOLITICAL SCIENCE / World / General _2bisacsh |
|
| 700 | 1 | _aErdoğan, Hayri | |
| 700 | 1 | _aÇekiç, Savaş | |
| 856 | 4 | 0 | _uhttp://search.ebscohost.com/login.aspx?direct=true&scope=site&db=e011xww&AN=1299444 |
| 999 |
_c14509 _d14509 |
||